[Event "Belgrade Trophy 36th"]
[Site "Belgrade"]
[Date "2023.12.03"]
[Round "9"]
[White "Savic, Nemanja"]
[Black "Radic, Marko"]
[Result "1-0"]
[WhiteElo "2136"]
[BlackElo "1620"]
[PlyCount "125"]
[EventDate "2023.11.25"]
[EventType "swiss"]
[EventRounds "9"]
[EventCountry "SRB"]
[SourceTitle "CB49_2023"]
[SourceDate "2023.12.06"]
[SourceVersion "1"]
[SourceVersionDate "2023.12.06"]
[SourceQuality "1"]

1. e4 c6 2. d4 d5 3. exd5 cxd5 4. Bd3 Nc6 5. c3 Nf6 6. h3 g6 7. Nf3 Bf5 8. 0-0 Bxd3 9. Qxd3 Bg7 10. Bf4 0-0 11. Nbd2 Qb6 12. a3 Nd7 13. Rfe1 Rfe8 14. Nf1 Rad8 15. Re2 e5 16. dxe5 Ndxe5 17. Nxe5 Nxe5 18. Bxe5 Rxe5 19. Rae1 Rxe2 20. Rxe2 d4 21. c4 a5 22. b3 Qc5 23. a4 Bh6 24. Re4 f5 25. Re1 Kf7 26. Rd1 Qe5 27. Nh2 Qe4 28. Nf3 Qxd3 29. Ne5+ Ke6 30. Nxd3 b6 31. Re1+ Kd6 32. Kf1 Bg7 33. Nf4 Be5 34. Nd5 Rb8 35. f4 Bh8 36. Re7 h5 37. Ke2 Bf6 38. Rh7 Re8+ 39. Kd3 Bd8 40. Rg7 Re6 41. Rg8 Kd7 42. Kxd4 Re4+ 43. Kd3 Re6 44. Rg7+ Kc6 45. Rg8 Kd7 46. Ne3 Bc7 47. Nd5 Bd8 48. g3 h4 49. g4 fxg4 50. hxg4 Re1 51. Rg7+ Kc8 52. Rxg6 h3 53. Rh6 Rh1 54. Ke4 h2 55. Kf5 Kd7 56. Nf6+ Bxf6 57. Kxf6 Rg1 58. Rxh2 Rxg4 59. f5 Rf4 60. Rh3 Rg4 61. Rd3+ Ke8 62. Rd6 Rh4 63. Ke5 1-0

[Event "SRB-ch U14"]
[Site "Subotica"]
[Date "2021.05.04"]
[Round "2"]
[White "Momcilovic, Mihailo"]
[Black "Radic, Marko"]
[Result "1/2-1/2"]
[WhiteElo "1835"]
[BlackElo "1490"]
[PlyCount "132"]
[EventDate "2021.05.03"]
[EventType "swiss"]
[EventRounds "9"]
[EventCountry "SRB"]
[SourceTitle "EXT 2022"]
[Source "ChessBase"]
[SourceDate "2021.10.06"]
[SourceVersion "1"]
[SourceVersionDate "2021.10.06"]
[SourceQuality "1"]

1. d4 Nf6 2. Nf3 g6 3. c4 Bg7 4. g3 0-0 5. Bg2 d6 6. 0-0 c6 7. Nc3 Qc7 8. e4 e5 9. h3 Nbd7 10. Be3 Re8 11. Qc2 Nb6 12. b3 a5 13. Rfe1 exd4 14. Bxd4 Be6 15. Rad1 Rad8 16. c5 dxc5 17. Bxc5 Nc8 18. Bd4 Nh5 19. Bxg7 Nxg7 20. Ng5 Nd6 21. e5 Ndf5 22. Nce4 Rxd1 23. Qxd1 Rd8 24. Nf6+ Kh8 25. Qc1 Qb6 26. Nge4 Bd5 27. Qc5 Qxc5 28. Nxc5 b6 29. Ncd7 Bxg2 30. Kxg2 b5 31. Rc1 Nd4 32. Nc5 Nge6 33. Nxe6 fxe6 34. Rd1 c5 35. Ne4 c4 36. bxc4 bxc4 37. Nc3 Kg7 38. Nb5 Nc6 39. Rxd8 Nxd8 40. f4 Nc6 41. Kf2 g5 42. Nc3 gxf4 43. gxf4 Kg6 44. Kf3 Nb4 45. a3 Nd3 46. Ne2 Nb2 47. Ke4 Nd1 48. Kd4 c3 49. Kd3 Kf5 50. Kc2 Ne3+ 51. Kxc3 Nd5+ 52. Kd4 a4 53. Ng3+ Kxf4 54. Nh5+ Kg5 55. Ng3 Kh4 56. Ne4 Kxh3 57. Ng5+ Kg4 58. Nxe6 Ne7 59. Ke4 h5 60. Nf4 h4 61. e6 Kg5 62. Nd5 Nxd5 63. Kxd5 h3 64. e7 h2 65. e8Q h1Q+ 66. Qe4 Qd1+ 1/2-1/2